000 00924cam a22002413a 4500
001 1315
003 PGUSA
005 20140828082959.0
008 060503s2006||||xxu|||||s|||||000 | eng d
040 _aPGUSA
_beng
042 _adc
050 4 _aQ
100 1 _aHuxley, Thomas Henry,
_d1825-1895
245 1 0 _aAutobiography and Selected Essays
_h[electronic resource] /
_cThomas Henry Huxley
260 _bProject Gutenberg,
_c2006
505 0 _aIntroduction -- Autobiography -- On the advisableness of improving natural knowledge -- A liberal education -- On a piece of chalk -- The principal subjects of education -- The method of scientific investigation -- On the physical basis of life -- On coral and coral reefs.
506 _aPublic domain in the USA.
516 _aElectronic text
653 _aScience
830 0 _aProject Gutenberg
_v1315
856 4 0 _uhttp://www.gutenberg.org/ebooks/1315
942 _cEB
999 _c230663
_d230663